[Event "Verbandsliga Sued Baden 1011"]
[Site "Baden"]
[Date "2011.03.27"]
[Round "8.1"]
[White "Lerch, Patrice"]
[Black "Partos, Charles"]
[Result "1-0"]
[WhiteElo "2362"]
[BlackElo "2343"]
[PlyCount "87"]
[EventDate "2010.10.17"]
[EventType "team-tourn"]
[EventRounds "9"]
[EventCountry "GER"]
[SourceTitle "EXT 2012"]
[Source "ChessBase"]
[SourceDate "2011.11.24"]
[SourceVersion "1"]
[SourceVersionDate "2011.11.24"]
[SourceQuality "1"]
[WhiteTeam "Lahr"]
[BlackTeam "Dreilaendereck"]
[WhiteTeamCountry "GER"]
[BlackTeamCountry "GER"]

1. e4 c5 2. Nc3 Nc6 3. g3 g6 4. Bg2 Bg7 5. d3 d6 6. Be3 e5 7. Qd2 Be6 8. f4 Nge7 9. Nh3 Nd4 10. Ng5 Bd7 11. 0-0 0-0 12. Rf2 Rb8 13. Raf1 f6 14. Nf3 b5 15. h3 b4 16. Ne2 Qa5 17. fxe5 dxe5 18. a3 Nec6 19. axb4 Nxe2+ 20. Qxe2 cxb4 21. g4 h6 22. Nd2 Be6 23. h4 Nd4 24. Bxd4 exd4 25. Nc4 Qc7 26. h5 gxh5 27. gxh5 Rb5 28. Rf4 Rg5 29. Kh1 Rb8 30. Rh4 b3 31. Bh3 Bf7 32. cxb3 Rxb3 33. Bf5 Qb8 34. Rh2 Kf8 35. e5 Bxc4 36. dxc4 Re3 37. Qd2 Qb7+ 38. Rg2 Reg3 39. exf6 Rxg2 40. fxg7+ Kxg7 41. Qxd4+ Kg8 42. Be6+ Kh7 43. Rf7+ Qxf7 44. Bxf7 1-0

[Event "Verbandsliga Sued Baden 1011"]
[Site "Baden"]
[Date "2010.12.12"]
[Round "4.1"]
[White "Partos, Charles"]
[Black "Merkel, Markus"]
[Result "0-1"]
[WhiteElo "2343"]
[BlackElo "2193"]
[PlyCount "88"]
[EventDate "2010.10.17"]
[EventType "team-tourn"]
[EventRounds "9"]
[EventCountry "GER"]
[SourceTitle "EXT 2012"]
[Source "ChessBase"]
[SourceDate "2011.11.24"]
[SourceVersion "1"]
[SourceVersionDate "2011.11.24"]
[SourceQuality "1"]
[WhiteTeam "Dreilaendereck"]
[BlackTeam "Iffezheim"]
[WhiteTeamCountry "GER"]
[BlackTeamCountry "GER"]

1. c4 d6 2. d4 Nf6 3. Nc3 Nbd7 4. e4 e5 5. Nge2 Be7 6. g3 0-0 7. Bg2 c6 8. 0-0 a6 9. a4 a5 10. h3 Re8 11. Re1 Bf8 12. f4 Qc7 13. Kh2 exd4 14. Nxd4 Nc5 15. Qc2 Na6 16. Be3 Nd7 17. Rad1 Nb4 18. Qb1 Nc5 19. g4 Bd7 20. Kh1 Rad8 21. Re2 Bc8 22. b3 Qb8 23. Red2 b6 24. Nde2 Bb7 25. Bf2 g6 26. Bd4 Qc7 27. g5 Ne6 28. Be3 Nc5 29. Bf2 Bg7 30. h4 Bc8 31. f5 Be5 32. Bf3 Qe7 33. Kg2 f6 34. Be3 gxf5 35. gxf6 Bxf6 36. Bxc5 bxc5 37. exf5 Kh8 38. Ne4 Bxf5 39. N2g3 Rc8 40. Kf2 Bxh4 41. Qb2+ Qg7 42. Qxg7+ Kxg7 43. Rh1 Bxg3+ 44. Nxg3 Nd3+ 0-1

[Event "Verbandsliga Sued Baden 1011"]
[Site "Baden"]
[Date "2010.10.17"]
[Round "1.1"]
[White "Reinhart, Emmanuel"]
[Black "Partos, Charles"]
[Result "1-0"]
[WhiteElo "2358"]
[BlackElo "2343"]
[PlyCount "47"]
[EventDate "2010.10.17"]
[EventType "team-tourn"]
[EventRounds "9"]
[EventCountry "GER"]
[SourceTitle "EXT 2012"]
[Source "ChessBase"]
[SourceDate "2011.11.24"]
[SourceVersion "1"]
[SourceVersionDate "2011.11.24"]
[SourceQuality "1"]
[WhiteTeam "Oberwinden"]
[BlackTeam "Dreilaendereck"]
[WhiteTeamCountry "GER"]
[BlackTeamCountry "GER"]

1. e4 c5 2. Nf3 Nc6 3. d4 cxd4 4. Nxd4 Nf6 5. Nc3 d6 6. Be3 g6 7. f3 Bg7 8. Qd2 0-0 9. Bc4 Bd7 10. h4 Na5 11. Be2 Rc8 12. Bh6 Nc4 13. Bxc4 Rxc4 14. Bxg7 Kxg7 15. h5 e5 16. Nde2 Be6 17. 0-0-0 Rc6 18. f4 exf4 19. Nxf4 Bg4 20. Rdf1 gxh5 21. Ncd5 Kg8 22. Nxh5 Nxh5 23. Nf6+ Kh8 24. Qh6 1-0

[Event "Verbandsliga Sued Baden 0910"]
[Site "Germany"]
[Date "2010.01.31"]
[Round "6.2"]
[White "Partos, Charles"]
[Black "Schmidt, Ralf"]
[Result "1/2-1/2"]
[WhiteElo "2343"]
[BlackElo "2145"]
[PlyCount "85"]
[EventDate "2009.10.11"]
[EventType "team-tourn"]
[EventRounds "9"]
[EventCountry "GER"]
[SourceTitle "EXT 2011"]
[Source "ChessBase"]
[SourceDate "2010.11.26"]
[SourceVersion "1"]
[SourceVersionDate "2010.11.26"]
[SourceQuality "1"]
[WhiteTeam "Dreilaendereck"]
[BlackTeam "Oberwinden"]
[WhiteTeamCountry "GER"]
[BlackTeamCountry "GER"]

1. d4 e6 2. c4 f5 3. Nc3 Nf6 4. g3 d5 5. Bg2 c6 6. Nf3 Bd6 7. b3 0-0 8. 0-0 Bd7 9. Bf4 Bxf4 10. gxf4 Be8 11. Ne5 Ne4 12. Nxe4 fxe4 13. e3 Nd7 14. Nxd7 Qxd7 15. Rc1 Qe7 16. Bh3 Rf6 17. f3 exf3 18. Qxf3 Bg6 19. Qe2 Be4 20. Rf2 Raf8 21. Rcf1 Rg6+ 22. Bg2 Qh4 23. Kh1 Rxg2 24. Rxg2 Qh3 25. Rff2 Rf6 26. Kg1 Bxg2 27. Rxg2 Qf5 28. Qc2 Qh3 29. Rg3 Qh5 30. Kg2 Kf7 31. cxd5 exd5 32. b4 Rg6 33. a4 Rxg3+ 34. Kxg3 Kf6 35. a5 a6 36. e4 dxe4 37. Qxe4 Qd5 38. Kf3 Qb3+ 39. Kg4 Qxb4 40. Qf5+ Ke7 41. Qe5+ Kf7 42. Qf5+ Ke7 43. Qe5+ 1/2-1/2

[Event "Verbandsliga Sued Baden 0910"]
[Site "Germany"]
[Date "2009.12.13"]
[Round "4.2"]
[White "Partos, Charles"]
[Black "Raka, Ramadan"]
[Result "1-0"]
[WhiteElo "2343"]
[BlackElo "2148"]
[PlyCount "123"]
[EventDate "2009.10.11"]
[EventType "team-tourn"]
[EventRounds "9"]
[EventCountry "GER"]
[SourceTitle "EXT 2011"]
[Source "ChessBase"]
[SourceDate "2010.11.26"]
[SourceVersion "1"]
[SourceVersionDate "2010.11.26"]
[SourceQuality "1"]
[WhiteTeam "Dreilaendereck"]
[BlackTeam "Iffezheim"]
[WhiteTeamCountry "GER"]
[BlackTeamCountry "GER"]

1. d4 c6 2. c4 d5 3. Nf3 Nf6 4. Nc3 e6 5. e3 Bd6 6. Qc2 Nbd7 7. Bd3 h6 8. Bd2 0-0 9. h3 Re8 10. 0-0-0 dxc4 11. Bxc4 b5 12. Be2 a6 13. g4 Nd5 14. Ne4 Qc7 15. Nxd6 Qxd6 16. Kb1 Bb7 17. a3 a5 18. e4 Ne7 19. Be3 b4 20. a4 b3 21. Qxb3 Reb8 22. e5 Qc7 23. Qa3 Nd5 24. Rd2 Ba6 25. Rc1 Rb4 26. Ka1 Qb7 27. Bd1 Rb8 28. b3 N7b6 29. Ne1 Qe7 30. Qa2 Nxe3 31. fxe3 Nd5 32. Nd3 Bxd3 33. Rxd3 R4b6 34. Qb2 Rb4 35. Qd2 R4b6 36. Rc5 Nb4 37. Rdc3 Qg5 38. Rxa5 Qe7 39. Rac5 Ra8 40. e4 Na6 41. Rxc6 Rxc6 42. Rxc6 Qa3+ 43. Kb1 Nb4 44. Rb6 Na6 45. Qc1 Qf8 46. Be2 Rc8 47. Qd2 Nb8 48. Rd6 Qe7 49. Bb5 Qh4 50. Qe3 Qe7 51. Kb2 Qb7 52. d5 Qc7 53. Bc4 Nd7 54. Rc6 Qxe5+ 55. Qc3 Qh2+ 56. Qc2 Qe5+ 57. Ka2 Re8 58. dxe6 fxe6 59. Bb5 Qd4 60. Rc4 Qd6 61. e5 Qd5 62. Bc6 1-0

[Event "Verbandsliga Sued Baden 0910"]
[Site "Germany"]
[Date "2009.10.25"]
[Round "2.2"]
[White "Jaeggi, Dorian"]
[Black "Partos, Charles"]
[Result "1-0"]
[WhiteElo "2220"]
[BlackElo "2343"]
[PlyCount "115"]
[EventDate "2009.10.11"]
[EventType "team-tourn"]
[EventRounds "9"]
[EventCountry "GER"]
[SourceTitle "EXT 2011"]
[Source "ChessBase"]
[SourceDate "2010.11.26"]
[SourceVersion "1"]
[SourceVersionDate "2010.11.26"]
[SourceQuality "1"]
[WhiteTeam "Brombach"]
[BlackTeam "Dreilaendereck"]
[WhiteTeamCountry "GER"]
[BlackTeamCountry "GER"]

1. e4 c5 2. Nf3 Nc6 3. d4 cxd4 4. Nxd4 Nf6 5. Nc3 d6 6. Bg5 e6 7. Qd2 a6 8. 0-0-0 Be7 9. f3 h6 10. Be3 Bd7 11. g4 Ne5 12. h3 Rc8 13. f4 Nc4 14. Bxc4 Rxc4 15. e5 dxe5 16. fxe5 Nh7 17. Qd3 Rc8 18. Ne4 Qc7 19. Bf4 Nf8 20. Rhe1 Ng6 21. Bg3 Qc4 22. Qxc4 Rxc4 23. Nb3 Rc7 24. Nd6+ Bxd6 25. exd6 Rc8 26. Na5 b6 27. Nb3 Bc6 28. Bf2 Rb8 29. Nd4 Bg2 30. d7+ Kxd7 31. Nxe6+ Kc6 32. Re3 fxe6 33. Rxe6+ Kb7 34. Rxb6+ Kc8 35. Rxg6 Rf8 36. Bd4 Rb7 37. Rxa6 Rd7 38. c3 Rf3 39. Ra8+ Kb7 40. Ra7+ Kc6 41. Rxd7 Kxd7 42. Bxg7+ Kc6 43. Bxh6 Rxh3 44. Bd2 Rg3 45. g5 Be4 46. b3 Rg2 47. Rf1 Kd5 48. Rf8 Kc6 49. Rd8 Bf5 50. a4 Bd7 51. Rf8 Be6 52. c4 Rg3 53. Kc2 Bg4 54. a5 Rg1 55. Rf6+ Kd7 56. a6 Be6 57. a7 Ra1 58. Be3 1-0

[Event "Verbandsliga Sued Baden 0809"]
[Site "Germany"]
[Date "2009.03.08"]
[Round "7.3"]
[White "Partos, Charles"]
[Black "Meyer, Peter"]
[Result "1-0"]
[WhiteElo "2346"]
[BlackElo "2318"]
[PlyCount "99"]
[EventDate "2008.09.28"]
[EventType "team"]
[EventRounds "9"]
[EventCountry "GER"]
[SourceTitle "EXT 2010"]
[Source "ChessBase"]
[SourceDate "2010.11.25"]
[SourceVersion "1"]
[SourceVersionDate "2010.11.25"]
[SourceQuality "1"]
[WhiteTeam "Dreilaendereck"]
[BlackTeam "Oberwinden"]
[WhiteTeamCountry "GER"]
[BlackTeamCountry "GER"]

1. c4 f5 2. Nc3 Nf6 3. d4 d6 4. Nf3 g6 5. g3 Bg7 6. Bg2 0-0 7. 0-0 Qe8 8. d5 a5 9. e4 e5 10. dxe6 Bxe6 11. exf5 Bxf5 12. Re1 Qd7 13. Nd4 Nc6 14. Nxf5 Qxf5 15. h3 Qc5 16. Bf1 Ne5 17. Be3 Qc6 18. Nd5 Nxd5 19. cxd5 Qd7 20. f4 Nf7 21. Qc2 a4 22. Rad1 c5 23. dxc6 bxc6 24. Kh2 Rfb8 25. Bd4 Qb7 26. Bxg7 Kxg7 27. Rd2 a3 28. Qc3+ Kg8 29. bxa3 Ra7 30. Rc1 c5 31. Bc4 Qc7 32. Re1 Rba8 33. Qf6 Qd8 34. Rxd6 Qxf6 35. Rxf6 Kg7 36. Rc6 Rd7 37. Re2 Rxa3 38. Rxc5 Nh6 39. Bb3 Nf5 40. Rec2 Ne3 41. Rc7 Ra7 42. Rxa7 Rxa7 43. Re2 Nf5 44. Rd2 Rc7 45. g4 Ne3 46. Kg1 h5 47. Kf2 Rc3 48. Re2 hxg4 49. Rxe3 g3+ 50. Rxg3 1-0

[Event "Verbandsliga Sued Baden 0809"]
[Site "Germany"]
[Date "2008.10.12"]
[Round "2.3"]
[White "Friedrich, Norbert"]
[Black "Partos, Charles"]
[Result "1/2-1/2"]
[WhiteElo "2347"]
[BlackElo "2346"]
[PlyCount "82"]
[EventDate "2008.09.28"]
[EventType "team"]
[EventRounds "9"]
[EventCountry "GER"]
[SourceTitle "EXT 2010"]
[Source "ChessBase"]
[SourceDate "2010.11.25"]
[SourceVersion "1"]
[SourceVersionDate "2010.11.25"]
[SourceQuality "1"]
[WhiteTeam "Waldshut"]
[BlackTeam "Dreilaendereck"]
[WhiteTeamCountry "GER"]
[BlackTeamCountry "GER"]

1. e4 c5 2. Nf3 Nc6 3. d4 cxd4 4. Nxd4 Nf6 5. Nc3 d6 6. Be2 g6 7. Be3 Bg7 8. 0-0 0-0 9. Qd2 Ng4 10. Bxg4 Bxg4 11. Nxc6 bxc6 12. Bh6 Qb6 13. Bxg7 Kxg7 14. Na4 Qb5 15. b3 Be6 16. c4 Qb7 17. Rfe1 Rad8 18. Rad1 f6 19. Re3 c5 20. Rd3 Rc8 21. Re1 Rc6 22. h4 h5 23. Rg3 Rh8 24. Nc3 Bg4 25. Nd5 Qd7 26. f3 Be6 27. f4 Bf7 28. Qc3 Rh6 29. Rd1 Bxd5 30. exd5 Rc7 31. Qd3 Kf7 32. Re1 Qf5 33. Re4 Rh8 34. Qe2 Rd8 35. Rge3 Rdd7 36. Kh2 Rb7 37. g3 Rdc7 38. Kg2 Kf8 39. Qe1 Rd7 40. Qe2 Kf7 41. Qe1 Kf8 1/2-1/2

[Event "SUI-chT"]
[Site "Switzerland"]
[Date "2005.10.30"]
[Round "9.8"]
[White "Partos, Charles"]
[Black "Gruenenwald, Joerg"]
[Result "1/2-1/2"]
[WhiteElo "2328"]
[BlackElo "2366"]
[PlyCount "93"]
[EventDate "2005.02.27"]
[EventType "team-tourn"]
[EventRounds "9"]
[EventCountry "SUI"]
[SourceTitle "EXT 2006"]
[Source "ChessBase"]
[SourceDate "2005.11.24"]
[SourceVersion "1"]
[SourceVersionDate "2005.11.24"]
[SourceQuality "1"]
[WhiteTeam "Basel"]
[BlackTeam "Zuerich"]
[WhiteTeamCountry "SUI"]
[BlackTeamCountry "SUI"]

1. d4 d5 2. c4 c6 3. Nf3 Nf6 4. Nc3 a6 5. a4 e6 6. e3 a5 7. Bd3 Na6 8. e4 Nb4 9. cxd5 Nxd3+ 10. Qxd3 exd5 11. e5 Nd7 12. Bg5 Be7 13. Bxe7 Qxe7 14. 0-0 0-0 15. Rfe1 Nb8 16. Re3 Na6 17. Na2 Bd7 18. Qd2 b6 19. h3 Rfe8 20. b3 Nc7 21. Kh2 Ne6 22. Nc3 Qb4 23. Rb1 Rad8 24. Rb2 Bc8 25. Na2 Qxd2 26. Rxd2 c5 27. Re1 Bb7 28. Nc3 Bc6 29. Kg3 Kf8 30. Ne2 Ke7 31. Rc1 Rc8 32. Nf4 Nxf4 33. Kxf4 c4 34. Rc3 b5 35. axb5 Bxb5 36. bxc4 Rxc4 37. Rxc4 Bxc4 38. Rb2 Ra8 39. Nd2 Ba6 40. Ra2 Bb5 41. Nb1 Bc4 42. Rb2 Ra7 43. Na3 Bf1 44. f3 Rc7 45. Nc2 a4 46. Ne3 Bc4 47. Nxc4 1/2-1/2

[Event "SUI-chT"]
[Site "Switzerland"]
[Date "2005.10.29"]
[Round "8.8"]
[White "Karl, Hans"]
[Black "Partos, Charles"]
[Result "1/2-1/2"]
[WhiteElo "2247"]
[BlackElo "2328"]
[PlyCount "75"]
[EventDate "2005.02.27"]
[EventType "team-tourn"]
[EventRounds "9"]
[EventCountry "SUI"]
[SourceTitle "EXT 2006"]
[Source "ChessBase"]
[SourceDate "2005.11.24"]
[SourceVersion "1"]
[SourceVersionDate "2005.11.24"]
[SourceQuality "1"]
[WhiteTeam "Mendrisio"]
[BlackTeam "Basel"]
[WhiteTeamCountry "SUI"]
[BlackTeamCountry "SUI"]

1. d4 c5 2. d5 e5 3. e4 d6 4. Bd3 Be7 5. Nf3 Nf6 6. c4 0-0 7. h3 Ne8 8. g4 g6 9. Bh6 Ng7 10. Nc3 Nd7 11. Qd2 Nf6 12. 0-0-0 Kh8 13. Rdg1 Ng8 14. h4 f6 15. Bxg7+ Kxg7 16. h5 g5 17. Ne1 Nh6 18. f3 Bd7 19. Nc2 a6 20. Kd1 b5 21. Ne3 Qa5 22. b3 Kh8 23. Ne2 Qa3 24. Nc3 Rfb8 25. Nb1 Qb4 26. Nc2 Qxd2+ 27. Nxd2 Bd8 28. Ne3 Ba5 29. Kc2 Nf7 30. Rb1 Kg8 31. Ndf1 Kf8 32. Ng3 Nd8 33. Ngf5 Bc7 34. Rb2 Nb7 35. Rhb1 Ra7 36. a3 b4 37. a4 Na5 38. Ra1 1/2-1/2

[Event "SUI-chT"]
[Site "Switzerland"]
[Date "2005.09.04"]
[Round "7.7"]
[White "Allemann, Anton"]
[Black "Partos, Charles"]
[Result "1-0"]
[WhiteElo "2241"]
[BlackElo "2328"]
[PlyCount "81"]
[EventDate "2005.02.27"]
[EventType "team-tourn"]
[EventRounds "9"]
[EventCountry "SUI"]
[SourceTitle "EXT 2006"]
[Source "ChessBase"]
[SourceDate "2005.11.24"]
[SourceVersion "1"]
[SourceVersionDate "2005.11.24"]
[SourceQuality "1"]
[WhiteTeam "Riehen"]
[BlackTeam "Basel"]
[WhiteTeamCountry "SUI"]
[BlackTeamCountry "SUI"]

1. e4 c5 2. c3 Nf6 3. e5 Nd5 4. Nf3 Nc6 5. d4 cxd4 6. cxd4 d6 7. Bc4 e6 8. 0-0 dxe5 9. dxe5 Be7 10. Qe2 Nb6 11. Bd3 Bd7 12. a3 g5 13. Nc3 Nd5 14. Nxd5 exd5 15. b4 g4 16. Nd2 Nd4 17. Qd1 Be6 18. Bb2 Nc6 19. Nb3 a6 20. Rc1 Rc8 21. Bb1 h5 22. Qd3 Bg5 23. Rcd1 Be7 24. Rc1 Bg5 25. Rcd1 Be7 26. Bd4 Nxd4 27. Nxd4 Qc7 28. Qe3 Qc3 29. Rd3 Qc7 30. Ba2 Rg8 31. f4 gxf3 32. Qxf3 Rg5 33. Bxd5 Bxd5 34. Qxd5 Qc4 35. Qxb7 Rc7 36. Qf3 Rxe5 37. Nf5 h4 38. Rd4 Rxf5 39. Rxc4 Rxf3 40. Rxc7 Re3 41. Kf2 1-0

[Event "SUI-chT"]
[Site "Switzerland"]
[Date "2005.06.12"]
[Round "5.6"]
[White "Kuemin, Simon"]
[Black "Partos, Charles"]
[Result "1/2-1/2"]
[WhiteElo "2335"]
[BlackElo "2328"]
[PlyCount "72"]
[EventDate "2005.02.27"]
[EventType "team-tourn"]
[EventRounds "9"]
[EventCountry "SUI"]
[SourceTitle "EXT 2006"]
[Source "ChessBase"]
[SourceDate "2005.11.24"]
[SourceVersion "1"]
[SourceVersionDate "2005.11.24"]
[SourceQuality "1"]
[WhiteTeam "Winterthur"]
[BlackTeam "Basel"]
[WhiteTeamCountry "SUI"]
[BlackTeamCountry "SUI"]

1. d4 Nf6 2. c4 e6 3. g3 d5 4. Bg2 dxc4 5. Nf3 c5 6. 0-0 Nc6 7. Ne5 Bd7 8. Na3 cxd4 9. Naxc4 Be7 10. Bf4 0-0 11. Qb3 Nxe5 12. Nxe5 Bc8 13. Rfd1 Bc5 14. Rac1 Bb6 15. Nc4 Bc7 16. Bxc7 Qxc7 17. Rxd4 Rb8 18. Qe3 Nd5 19. Qe5 Qxe5 20. Nxe5 f6 21. Nd3 Nb6 22. f4 Re8 23. Rc7 Na8 24. Rc3 Nb6 25. Rc7 Na8 26. Rc5 b6 27. Rc3 Bb7 28. Rd7 Bxg2 29. Kxg2 a5 30. Rc6 Kf8 31. Ne1 e5 32. Kf2 exf4 33. gxf4 Re7 34. Rxe7 Kxe7 35. Nf3 Kd7 36. Nd4 Nc7 1/2-1/2

[Event "SUI-chT"]
[Site "Switzerland"]
[Date "2005.03.20"]
[Round "2.8"]
[White "Seps, Monika"]
[Black "Partos, Charles"]
[Result "1-0"]
[WhiteElo "2143"]
[BlackElo "2328"]
[PlyCount "71"]
[EventDate "2005.02.27"]
[EventType "team-tourn"]
[EventRounds "9"]
[EventCountry "SUI"]
[SourceTitle "EXT 2006"]
[Source "ChessBase"]
[SourceDate "2005.11.24"]
[SourceVersion "1"]
[SourceVersionDate "2005.11.24"]
[SourceQuality "1"]
[WhiteTeam "Luzern"]
[BlackTeam "Basel"]
[WhiteTeamCountry "SUI"]
[BlackTeamCountry "SUI"]

1. e4 c5 2. Nf3 Nc6 3. d4 cxd4 4. Nxd4 g6 5. c4 Bg7 6. Be3 Nf6 7. Nc3 d6 8. Be2 0-0 9. 0-0 Nd7 10. Qd2 Nxd4 11. Bxd4 Bxd4 12. Qxd4 Qb6 13. Qd2 Nf6 14. Kh1 Be6 15. f4 Qc5 16. b3 Kh8 17. Qb2 Kg8 18. Rac1 Bd7 19. b4 Qc7 20. c5 Qb8 21. cxd6 exd6 22. Qd2 Bc6 23. Qd4 Qd8 24. b5 Be8 25. Rcd1 Rc8 26. e5 Qa5 27. Rf3 dxe5 28. fxe5 Rxc3 29. Qxc3 Qxa2 30. Bc4 Ne4 31. Bxa2 Nxc3 32. Rxc3 Bxb5 33. Rc7 Bc6 34. Rf1 Rd8 35. Bxf7+ Kh8 36. Rxc6 1-0

[Event "SUI-chT"]
[Site "Switzerland"]
[Date "2002.04.21"]
[Round "3.6"]
[White "Vogt, Lothar"]
[Black "Partos, Charles"]
[Result "1-0"]
[WhiteElo "2467"]
[BlackElo "2356"]
[PlyCount "101"]
[EventDate "2002.03.03"]
[EventType "team-tourn"]
[EventRounds "9"]
[EventCountry "SUI"]
[SourceTitle "EXT 2003"]
[Source "ChessBase"]
[SourceDate "2002.11.25"]
[SourceVersion "1"]
[SourceVersionDate "2002.11.25"]
[SourceQuality "1"]
[WhiteTeam "Zuerich"]
[BlackTeam "Reichenstein"]
[WhiteTeamCountry "SUI"]
[BlackTeamCountry "SUI"]

1. e4 c5 2. Nf3 Nc6 3. Bb5 e6 4. Bxc6 bxc6 5. 0-0 d6 6. c3 e5 7. d4 cxd4 8. cxd4 Qc7 9. dxe5 dxe5 10. Qc2 Bd6 11. Nbd2 Bg4 12. h3 Bxf3 13. Nxf3 Ne7 14. Be3 0-0 15. Rac1 Rfc8 16. Nd2 Ng6 17. Nc4 Be7 18. Qc3 c5 19. Rfd1 Rd8 20. Rd5 Nf4 21. Bxf4 exf4 22. Rcd1 Bf6 23. e5 Rxd5 24. Rxd5 Be7 25. Qf3 g5 26. Rxc5 Bxc5 27. Qxa8+ Kg7 28. Qd5 f3 29. gxf3 f6 30. Kg2 fxe5 31. Nxe5 Bd6 32. Nc6 Be7 33. Qd4+ Bf6 34. Qxa7 Qxa7 35. Nxa7 Bxb2 36. a4 Kf6 37. a5 Ke6 38. a6 Kd7 39. Nb5 Kc6 40. a7 Kb7 41. Kg3 Bc1 42. Kg4 Bd2 43. Nd6+ Kxa7 44. Ne4 Bc1 45. Nxg5 h6 46. Nf7 Kb6 47. Kh5 Kc6 48. Nxh6 Kd6 49. Ng4 Ke7 50. Kg6 Kf8 51. Nf6 1-0

[Event "FRA-chT2"]
[Site "France"]
[Date "2002.01.??"]
[Round "6"]
[White "Partos, Charles"]
[Black "Schafranietz, Sebastian"]
[Result "1-0"]
[WhiteElo "2380"]
[BlackElo "2234"]
[PlyCount "65"]
[EventDate "2002.??.??"]
[EventType "team"]
[EventRounds "11"]
[EventCountry "FRA"]
[SourceTitle "EXT 2003"]
[Source "ChessBase"]
[SourceDate "2002.11.25"]
[SourceVersion "1"]
[SourceVersionDate "2002.11.25"]
[SourceQuality "1"]

1. d4 d5 2. c4 e6 3. Nc3 c5 4. cxd5 exd5 5. Nf3 Nc6 6. g3 Nf6 7. Bg2 Be7 8. 0-0 0-0 9. dxc5 d4 10. Na4 Bf5 11. Ne1 Be4 12. f3 Bf5 13. Nd3 Nd5 14. g4 Be6 15. Nf4 Nxf4 16. Bxf4 Bg5 17. Qd2 Bxf4 18. Qxf4 Bc4 19. Qd2 Qe7 20. Rfe1 Rfe8 21. Kf1 Bb5 22. b3 Bxa4 23. bxa4 Qxc5 24. Rab1 Re7 25. Rb5 Qa3 26. f4 Rae8 27. Rb3 Qxa4 28. Bf3 Re3 29. Reb1 d3 30. Rxd3 Qxf4 31. Rxb7 Qh6 32. Rxe3 Rxe3 33. Rb8+ 1-0

[Event "SUI-chT"]
[Site "Switzerland"]
[Date "2001.05.06"]
[Round "3.4"]
[White "Partos, Charles"]
[Black "Hug, Werner"]
[Result "1/2-1/2"]
[WhiteElo "2341"]
[BlackElo "2467"]
[PlyCount "56"]
[EventDate "2001.03.04"]
[EventType "team-tourn"]
[EventRounds "9"]
[EventCountry "SUI"]
[SourceTitle "EXT 2002"]
[Source "ChessBase"]
[SourceDate "2001.11.25"]
[SourceVersion "1"]
[SourceVersionDate "2001.11.25"]
[SourceQuality "1"]
[WhiteTeam "Reichenstein"]
[BlackTeam "Zuerich"]
[WhiteTeamCountry "SUI"]
[BlackTeamCountry "SUI"]

1. d4 Nf6 2. c4 d6 3. Nc3 g6 4. e4 Bg7 5. f3 a6 6. Be3 Nbd7 7. Bd3 c6 8. Nge2 b5 9. Qd2 bxc4 10. Bxc4 0-0 11. 0-0 a5 12. Na4 Nb6 13. Bb3 Nfd7 14. Rfc1 c5 15. Nec3 Nxa4 16. Nxa4 cxd4 17. Bxd4 Bxd4+ 18. Qxd4 Rb8 19. Rc2 Ba6 20. Rd2 Rb4 21. Qe3 Qb8 22. Rc1 Rc8 23. Rxc8+ Qxc8 24. Nc3 Nf6 25. e5 dxe5 26. Qxe5 Qb7 27. h3 Qa7+ 28. Kh1 Bc4 1/2-1/2

[Event "Basel Hilton op 02nd"]
[Site "Basel"]
[Date "2000.01.02"]
[Round "3"]
[White "Cvitan, Ognjen"]
[Black "Partos, Charles"]
[Result "1/2-1/2"]
[WhiteElo "2489"]
[BlackElo "2386"]
[PlyCount "63"]
[EventDate "2000.01.01"]
[EventType "swiss"]
[EventRounds "7"]
[EventCountry "SUI"]
[SourceTitle "CBM 074 Extra"]
[Source "ChessBase"]
[SourceDate "2000.03.10"]
[SourceVersion "2"]
[SourceVersionDate "2000.03.10"]
[SourceQuality "1"]

1. d4 Nf6 2. c4 e6 3. Nf3 b6 4. Nc3 Bb7 5. a3 d5 6. cxd5 Nxd5 7. e3 Nd7 8. Bd3 g6 9. e4 Nxc3 10. bxc3 Bg7 11. 0-0 e5 12. Bg5 Bf6 13. Be3 0-0 14. d5 Qe7 15. a4 Nc5 16. c4 a5 17. Bc1 Qd6 18. Ba3 Be7 19. Re1 Qf6 20. Bc2 Bd6 21. Bb2 Bc8 22. Nd2 Bd7 23. Nb1 Na6 24. Nc3 Bc5 25. Rf1 Qg5 26. Kh1 Bg4 27. f3 Bd7 28. Ne2 Bd6 29. Nc1 Nc5 30. Nd3 Nxd3 31. Qxd3 Qe7 32. Rae1 1/2-1/2

[Event "SUI-chT"]
[Site "Switzerland"]
[Date "2000.??.??"]
[Round "?"]
[White "Partos, Charles"]
[Black "Begovac, Franja"]
[Result "1/2-1/2"]
[WhiteElo "2386"]
[BlackElo "2428"]
[PlyCount "41"]
[EventDate "2000.02.??"]
[EventType "team-tourn"]
[EventRounds "9"]
[EventCountry "SUI"]
[SourceTitle "EXT 2001"]
[Source "ChessBase"]
[SourceDate "2000.11.22"]
[SourceVersion "1"]
[SourceVersionDate "2000.11.22"]
[SourceQuality "1"]

1. d4 d5 2. c4 e6 3. Nc3 Be7 4. Nf3 Nf6 5. Bg5 0-0 6. e3 Nbd7 7. Qc2 c5 8. cxd5 Nxd5 9. Bxe7 Qxe7 10. Nxd5 exd5 11. Bd3 g6 12. dxc5 Nxc5 13. 0-0 Bg4 14. Nd4 Rac8 15. Qd2 a6 16. Rac1 Rfe8 17. Rc3 Ne6 18. Rxc8 Rxc8 19. Be2 h5 20. Nxe6 Qxe6 21. Bxg4 1/2-1/2

[Event "SUI-chT"]
[Site "Switzerland"]
[Date "2000.??.??"]
[Round "?"]
[White "Partos, Charles"]
[Black "Schmidt Schaeffer, Sebastian"]
[Result "1-0"]
[WhiteElo "2386"]
[BlackElo "2309"]
[PlyCount "83"]
[EventDate "2000.02.??"]
[EventType "team-tourn"]
[EventRounds "9"]
[EventCountry "SUI"]
[SourceTitle "EXT 2001"]
[Source "ChessBase"]
[SourceDate "2000.11.22"]
[SourceVersion "1"]
[SourceVersionDate "2000.11.22"]
[SourceQuality "1"]

1. d4 b6 2. c4 Bb7 3. Nc3 g6 4. e4 Bg7 5. Nf3 Nh6 6. h4 f6 7. h5 g5 8. d5 e6 9. Be2 Na6 10. e5 g4 11. exf6 Qxf6 12. Ng5 0-0 13. Nge4 Qe5 14. Bxg4 exd5 15. cxd5 Nc5 16. Bf3 Ba6 17. Rh4 Nd3+ 18. Kd2 Nxf2 19. Qa4 Nf5 20. Nxf2 Qe3+ 21. Kd1 Qxf2 22. Rg4 Rae8 23. Be4 Bd3 24. Rf4 Qg1+ 25. Kd2 Bxe4 26. Rxe4 Qxg2+ 27. Kd3 Qf3+ 28. Kc2 Rxe4 29. Qxe4 Qxe4+ 30. Nxe4 Nd4+ 31. Kd2 Rf5 32. h6 Bxh6+ 33. Kd3 Bxc1 34. Rxc1 Nb5 35. Ke3 Nd6 36. Ng3 Rxd5 37. Rxc7 a5 38. Kf4 Nb5 39. Rb7 Rd6 40. Ne4 Re6 41. Rxd7 h5 42. a4 1-0